00907nam a2200277Ia 450000500170000000800410001702000190005810000170007724500670009425000190016130000510018065000410023165000390027265000350031165000410034670000250038770000240041294200150043626400290045133600270048033700330050733800280054004000350056808400110060399900150061420220317001153.0160825s2009 sp a g 000 0 spa  a978848470090121 aLecaye, Olga13aEl ratoncito PérezcOlga Lecaye ; traducido por Julia Vinent a6a. edición  a38 páginas bilustraciones en color c31 cm 142LEMBaÁlbumes infantiles franceses142LEMBaLiteratura infantil francesa142LEMBaRatones en la literatura142LEMBaLibros ilustrados para niños1 aLecaye, Olga 9671491 aVinent, Julia94691 2loccBKINF aBarcelonabCorimboc2009 atextobtxt2rdacontent asin mediaciónbn2rdamedia avolumenbnc2rdacarrier aCO-BoRNBPbspaerdacCO-BoRNBP aA LEC2 c6140d6140